| 000 | 00954cam a22002531 4500 | ||
|---|---|---|---|
| 001 | gs 29000037 | ||
| 003 | DLC | ||
| 005 | 20260227111333.0 | ||
| 008 | 770805s1928 xx 000 0 eng c | ||
| 010 | _ags 29000037 | ||
| 035 | _a(OCoLC)3164852 | ||
| 040 |
_aLibrary, U. S. Geological Survey _cOC _dOCoLC _dDLC |
||
| 042 | _apremarc | ||
| 050 | 0 | 0 |
_aQE75 _b.B9 no. 74 |
| 100 | 1 |
_aDarton, Nelson Horatio, _d1865-1948. |
|
| 245 | 1 | 0 |
_a"Red Beds" and associated formations in New Mexico, _bwith an outline of the geology of the state, _cby N. H. Darton. |
| 260 |
_aWashington, _bU.S. Govt. print. off., _c1928. |
||
| 300 |
_axvi, 356 p. incl. illus., tables, diagrs. _b39 pl. (incl. 8 fold. col. maps) fold. diagrs. _c23 cm. |
||
| 490 | 0 | _aU. S. Geological survey. Bulletin 794 | |
| 500 | _aAt head of title: Department of the interior. | ||
| 504 | _aBibliographical foot-notes. | ||
| 500 | _aMaps folded in pocket. | ||
| 650 | 0 |
_aGeology _zNew Mexico. |
|
| 999 |
_c26693 _d26693 |
||